000 00837nam a22002057a 4500
003 OSt
005 20210519150910.0
008 210312b 2020 dr 00| 0 eng d
040 _aDO-SdBNP
_bspa
_cBNPHU
100 1 _aDíaz de la Rosa, Victor
_978115
245 1 3 _aEl quinto poder :
_bla población, unida y organizada, se empodera /
_cVictor Díaz de la Rosa ; diagramación: Luis Alberto Vélez Rijo.
260 _aSanto Domingo :
_b7Solutions, SRL,
_c2020.
300 _a159 p. ;
_c23 cm.
500 _aUna guía para el trabajo comunitario y el Empoderamiento Social; dirigida a todos los pueblos de América Latina.
590 _aInventariado, 2021 /LP
590 _aLa biblioteca posee 1 ejemplar autografiado por el autor.
700 1 _aVélez, Luis A.,
_ediagramación
_978116
910 _aLoPérez
942 _2ddc
_cLBS1
999 _c49552
_d49552